01947 a2200193 45000010006000000050017000060080041000230030015000640400040000790800031001192450053001500200018002032640032002213000025002535051406002780410008016841000028016927000033017205454620260407155819.0260407a1994 arg spa dAR-UNSa-BCEJYS aAR-UNSa-BCEJYSbspacAR-UNSa-BCEJYS a330xEconomía en general10aEconomíapElementos de micro y macroeconomía a84-481-1973-8 1aMadrid :bMcGraw-Hillc1994 axxvi, 379 p.c23 cm. aMódulo 1: El concepto de economía y los sistemas económicos - 1. La economía y la necesidad de elegir - 2. Los agentes económicos - 3. El concepto de sistema económico - 4. El sistema de economía de mercado - 5. Los sistemas de economía centralizada - Módulo 2: Producción y mercado - 6. La empresa y la producción - 7. Los costos de la producción - 8. La retribución de los factores productivos - 9. El mercado,los precios y la elasticidad - 10. La competencia perfecta,el monopolio y oligopolio - Módulo 3: Productos e ingreso nacional,sus componentes y su financiación - 11. El enfoque macroeconómico: el ingreso nacional y otros agregados - 12. El empleo y la distribución del ingreso nacional - 13. La intervención del Estado en la Economía: la política fiscal - 14. La financiación de la Economía: el dinero y los bancos - 15. El control de la cantidad de dinero por parte del Banco Central - Módulo 4: El comercio internacional - 16. El comercio internacional y la balanza de pagos - 17. Los regímenes de comercio: el Mercosur - 18. Los mercados de cambio - Módulo 5: Los problemas del mundo actual - 19. El crecimiento económico y el medio ambiente - 20. Desarrollo y subdesarrollo - 21. La inflación: causas y efectos - 22. Las fluctuaciones económicas y el desempleo - 23. Notas sobre la evolución reciente de la economía argentina aspa1 aBeker, Víctor Alberto1 aMochón Morcillo, Francisco